[Event "World Blitz 2015"]
[Site "Berlin GER"]
[Date "2015.10.14"]
[Round "16.91"]
[White "Thornton, Giovanni Antonio"]
[Black "Thiede, Lars"]
[Result "1-0"]
[BlackTitle "IM"]
[WhiteElo "2207"]
[BlackElo "2437"]
[WhiteFideId "4300963"]
[BlackFideId "4607759"]
[EventDate "2015.10.13"]

1. d4 g6 2. c4 c5 3. dxc5 Bg7 4. Nc3 Na6 5. g3 Nxc5 6. Bg2 Nf6 7. Rb1 O-O 8. b4
Ne6 9. Nf3 a5 10. a3 Ng4 11. Nd5 axb4 12. axb4 d6 13. O-O Bd7 14. h3 Nf6 15. Ng5
Nxd5 16. Bxd5 Nxg5 17. Bxg5 Bxh3 18. Bxb7 Bxf1 19. Bxa8 Bh3 20. Bf3 h6 21. Be3
Qc8 22. Rc1 Bg4 23. Bd5 e6 24. Bg2 Rd8 25. Qd2 Kh7 26. b5 Qb8 27. b6 d5 28. cxd5
exd5 29. Rc7 Be6 30. Bd4 Bxd4 31. Qxd4 Rd6 32. Rc5 Qxb6 33. e3 Rc6 34. Rxc6 Qxc6
35. Kh2 Qc2 36. Qf4 Qb2 37. Bh3 Qg7 38. Bxe6 fxe6 39. Qd6 Qf7 40. Kg2 h5 41. Qe5
Kg8 42. Qb8+ Kg7 43. Qe5+ Qf6 44. Qc7+ Kh6 45. Qd6 Qf5 46. Qd7 Qe4+ 47. Kg1 e5
48. Qd8 d4 49. Qh8+ Kg5 50. Qd8+ Kg4 51. Qd7+ Qf5 52. Qa4 Kh3 53. Qd1 dxe3 54.
fxe3 Kxg3 55. Qe1+ Kg4 56. Qe2+ Qf3 57. Qc4+ Kg3 1-0

[Event "World Blitz 2015"]
[Site "Berlin GER"]
[Date "2015.10.14"]
[Round "16.92"]
[White "Bruedigam, Martin"]
[Black "Zepeda, Lorena"]
[Result "1-0"]
[WhiteTitle "FM"]
[BlackTitle "WIM"]
[WhiteElo "2375"]
[BlackElo "2106"]
[WhiteFideId "24608033"]
[BlackFideId "6700233"]
[EventDate "2015.10.13"]

1. e4 c5 2. Nf3 d6 3. Bb5+ Bd7 4. Bxd7+ Qxd7 5. O-O g6 6. c3 Nc6 7. d4 cxd4 8.
cxd4 Bg7 9. Nc3 Nh6 10. Qa4 O-O 11. d5 Ne5 12. Nxe5 Qxa4 13. Nxa4 dxe5 14. f3
Rac8 15. Be3 b6 16. Rac1 f6 17. h3 Nf7 18. Nc3 Bh6 19. Bxh6 Nxh6 20. Nb5 a6 21.
Nc7 a5 22. Rc6 Nf7 23. Rfc1 Nd6 24. Rxb6 f5 25. exf5 Rxf5 26. Rbc6 e4 27. fxe4
Nxe4 28. a3 Nf6 29. R6c5 a4 30. R1c4 Rb8 31. Rb4 Ra8 32. Rbb5 g5 33. d6 Rxc5 34.
Rxc5 exd6 35. Rxg5+ Kf7 36. Rb5 Rc8 37. Nd5 Rc1+ 38. Kh2 Ne4 39. Rb4 Nd2 40. Kg3
Rc2 41. Ne3 Rc1 42. Rxa4 Rb1 43. Rb4 Ke6 44. a4 d5 45. Nc2 Nc4 46. b3 Ne5 47.
Nd4+ Kd6 48. Rb8 Kc5 49. Ne6+ Kd6 50. Ng5 h6 51. Nf3 Nd3 52. a5 Kc7 53. Rb5 Kc6
54. Nd4+ Kd6 55. a6 Ra1 56. Nf5+ Kc6 57. Rb8 Rxa6 58. Nxh6 Ra3 59. Nf5 Nc5 60.
h4 Nxb3 61. Kg4 Nd4 62. Nxd4+ 1-0

[Event "World Blitz 2015"]
[Site "Berlin GER"]
[Date "2015.10.14"]
[Round "16.93"]
[White "Cordeiro, Marco Aurelio Zaror"]
[Black "Sawlin, Leonid"]
[Result "1-0"]
[WhiteElo "2228"]
[BlackElo "2258"]
[WhiteFideId "2117991"]
[BlackFideId "4689542"]
[EventDate "2015.10.13"]

1. e4 e6 2. d4 d5 3. Nd2 Nf6 4. e5 Nfd7 5. Bd3 c5 6. c3 Nc6 7. Ne2 cxd4 8. cxd4
f6 9. Nf4 Nxd4 10. Qh5+ Ke7 11. Ng6+ hxg6 12. exf6+ Nxf6 13. Qxh8 Kf7 14. O-O e5
15. Nb3 Nxb3 16. axb3 Bf5 17. Rd1 Qb6 18. Bxf5 gxf5 19. Bg5 Ne4 20. Qh4 Bc5 21.
Qh5+ Qg6 22. Qxg6+ Kxg6 23. Be3 d4 24. Bc1 a5 25. f3 Nf6 26. Kf1 b6 27. Bd2 Nd5
28. Re1 Re8 29. Rad1 e4 30. fxe4 fxe4 31. Bc1 d3 32. g3 Rf8+ 33. Kg2 Rf2+ 34.
Kh3 Nf6 35. Bf4 Rxb2 36. Be5 1-0

[Event "World Blitz 2015"]
[Site "Berlin GER"]
[Date "2015.10.14"]
[Round "16.94"]
[White "Hilverda, Alexander"]
[Black "Koehler, Gerhard2"]
[Result "1-0"]
[WhiteElo "2384"]
[BlackElo "2173"]
[WhiteFideId "4695437"]
[BlackFideId "12909700"]
[EventDate "2015.10.13"]

1. d4 Nf6 2. Nf3 g6 3. Bf4 Bg7 4. e3 c5 5. c3 b6 6. h3 Bb7 7. Be2 O-O 8. O-O d6
9. Nbd2 Nbd7 10. Bh2 Rc8 11. a4 Qc7 12. a5 Rfe8 13. axb6 axb6 14. Qb3 Ra8 15.
Bc4 Rf8 16. Rxa8 Bxa8 17. Ra1 Bc6 18. Ng5 e6 19. Bxe6 fxe6 20. Qxe6+ Kh8 21.
Bxd6 Qb7 22. e4 h6 23. Nf7+ Rxf7 24. Qxf7 Nxe4 25. Nxe4 Bxe4 26. Re1 cxd4 27.
cxd4 Kh7 28. h4 Bd5 29. Qe8 Nf6 30. Qe7 Qxe7 31. Rxe7 Kg8 32. Rc7 Ne4 33. Be5
Bxe5 34. dxe5 Nc5 35. f3 Be6 36. Re7 Bf7 37. f4 Nd3 38. Rb7 Nxb2 39. Rxb6 Kg7
40. Rxb2 Kf8 41. Rb7 Be6 42. Ra7 Bf5 43. Kf2 h5 44. Ke3 Ke8 45. Kd4 Kd8 46. Kd5
Ke8 47. Kd6 1-0

[Event "World Blitz 2015"]
[Site "Berlin GER"]
[Date "2015.10.14"]
[Round "17.4"]
[White "Vovk, Yuri"]
[Black "Aronian, Levon"]
[Result "1-0"]
[WhiteTitle "GM"]
[BlackTitle "GM"]
[WhiteElo "2617"]
[BlackElo "2784"]
[WhiteFideId "14113171"]
[BlackFideId "13300474"]
[EventDate "2015.10.13"]

1. d4 Nf6 2. c4 c5 3. d5 g6 4. Nc3 Bg7 5. e4 O-O 6. f3 a6 7. a4 e6 8. Nge2 exd5
9. cxd5 Nh5 10. Be3 d6 11. Qd2 Nd7 12. Ng3 Ne5 13. Nxh5 gxh5 14. Be2 f5 15. O-O
Qf6 16. f4 Ng4 17. Bxg4 hxg4 18. e5 dxe5 19. fxe5 Qxe5 20. Bxc5 Bd7 21. Rae1 Qf6
22. Bxf8 Rxf8 23. Kh1 f4 24. Ne4 Qh6 25. g3 Bxa4 26. Rxf4 Rxf4 27. Qxf4 Qxf4 28.
gxf4 Bxb2 29. Nc5 Bb5 30. Nxb7 Bc4 31. Rd1 Be2 32. Rd2 Bf3+ 33. Kg1 Bc1 34. Rd3
Be4 35. Rd1 Bxf4 36. d6 Be3+ 37. Kf1 Bb6 38. d7 Kf7 39. Nd6+ 1-0

[Event "World Blitz 2015"]
[Site "Berlin GER"]
[Date "2015.10.14"]
[Round "17.10"]
[White "Ghaem Maghami, Ehsan"]
[Black "Nepomniachtchi, Ian"]
[Result "0-1"]
[WhiteTitle "GM"]
[BlackTitle "GM"]
[WhiteElo "2596"]
[BlackElo "2705"]
[WhiteFideId "12500739"]
[BlackFideId "4168119"]
[EventDate "2015.10.13"]

1. c4 g6 2. d4 Nf6 3. g3 Bg7 4. Bg2 c5 5. Nf3 d5 6. O-O O-O 7. cxd5 Nxd5 8. e4
Nf6 9. e5 Nfd7 10. e6 fxe6 11. Nc3 Nc6 12. Be3 Rxf3 13. d5 Rxe3 14. dxc6 Re5 15.
cxb7 Bxb7 16. Bxb7 Rb8 17. Bc6 Nb6 18. Qc2 Qc7 19. Bg2 Nd5 20. Na4 c4 21. a3 Rf5
22. Rac1 Rc8 23. Bh3 Rf6 24. Rfe1 Qc6 25. b4 Rcf8 26. Re2 Rxf2 27. Bxe6+ Qxe6
28. Rxe6 Rxc2 29. Rxc2 Bd4+ 30. Kg2 c3 31. Nc5 Rc8 32. Ne4 Ne3+ 0-1

[Event "World Blitz 2015"]
[Site "Berlin GER"]
[Date "2015.10.14"]
[Round "17.11"]
[White "Iturrizaga Bonelli, Eduardo"]
[Black "Navara, David"]
[Result "1-0"]
[WhiteTitle "GM"]
[BlackTitle "GM"]
[WhiteElo "2641"]
[BlackElo "2734"]
[WhiteFideId "3901211"]
[BlackFideId "309095"]
[EventDate "2015.10.13"]

1. Nf3 d5 2. c4 d4 3. b4 Bg4 4. Qb3 Nf6 5. g3 Bxf3 6. Qxf3 e5 7. Qxb7 Nbd7 8.
Bg2 Rb8 9. Qxa7 Bxb4 10. O-O O-O 11. Ba3 c5 12. Bxb4 Rxb4 13. d3 Rb2 14. Re1 Re8
15. Na3 e4 16. Nb5 exd3 17. exd3 Ne5 18. Qxc5 Nxd3 19. Rxe8+ Qxe8 20. Qxd4 Qe2
21. Bf1 Qxf2+ 22. Qxf2 Nxf2 23. a4 N6e4 24. a5 Ng5 25. Nd4 Nfh3+ 26. Bxh3 Nxh3+
27. Kh1 Nf2+ 28. Kg2 Ng4+ 29. Kg1 Ne5 30. a6 Rb8 31. a7 Ra8 32. Rb1 Nd7 33. Rb7 1-0

[Event "World Blitz 2015"]
[Site "Berlin GER"]
[Date "2015.10.14"]
[Round "17.12"]
[White "Guseinov, Gadir"]
[Black "Anand, Viswanathan"]
[Result "1/2-1/2"]
[WhiteTitle "GM"]
[BlackTitle "GM"]
[WhiteElo "2634"]
[BlackElo "2803"]
[WhiteFideId "13401378"]
[BlackFideId "5000017"]
[EventDate "2015.10.13"]

1. e4 e5 2. Nf3 Nc6 3. Bb5 Nf6 4. O-O Nxe4 5. Re1 Nd6 6. Nxe5 Be7 7. Bf1 Nxe5 8.
Rxe5 O-O 9. d4 Bf6 10. Re1 Re8 11. Bf4 Rxe1 12. Qxe1 Ne8 13. c3 d5 14. Bd3 g6
15. Nd2 Ng7 16. Nf3 Bf5 17. Bxf5 Nxf5 18. Qe2 c6 19. Re1 Ng7 20. Be5 Ne6 21. Qe3
Qe7 22. Qh6 Re8 23. Bxf6 Qxf6 24. Ng5 Qg7 25. Qh3 Re7 26. Qg3 Qf6 27. Nxe6 Rxe6
28. Rxe6 Qxe6 29. h3 Kg7 30. Kh2 Qe2 31. b4 Qxa2 32. Qe5+ Kg8 33. Qe8+ 1/2-1/2

[Event "World Blitz 2015"]
[Site "Berlin GER"]
[Date "2015.10.14"]
[Round "17.13"]
[White "Edouard, Romain"]
[Black "Mamedov, Rauf"]
[Result "0-1"]
[WhiteTitle "GM"]
[BlackTitle "GM"]
[WhiteElo "2636"]
[BlackElo "2657"]
[WhiteFideId "633429"]
[BlackFideId "13401653"]
[EventDate "2015.10.13"]

1. d4 d6 2. e4 e5 3. Nf3 exd4 4. Nxd4 Nf6 5. Nc3 g6 6. g3 Bg7 7. Bg2 O-O 8. O-O
Nbd7 9. h3 Re8 10. Nb3 Ne5 11. Rb1 Be6 12. Nd4 Bd7 13. Nd5 c5 14. Nxf6+ Qxf6 15.
Ne2 Nf3+ 16. Kh1 Bb5 17. b3 Rxe4 18. c4 Bc6 19. Bb2 Qe6 20. Bxg7 Rxe2 21. Bc3
Nh4 22. Bxc6 Qxh3+ 23. Kg1 bxc6 24. gxh4 Re4 25. f4 Qxc3 26. Rf3 Qf6 27. Qd3
Rae8 28. Rbf1 Rd4 29. Qc2 Qxh4 30. Qg2 Re1 31. Rxe1 Qxe1+ 32. Kh2 Rd2 0-1

[Event "World Blitz 2015"]
[Site "Berlin GER"]
[Date "2015.10.14"]
[Round "17.14"]
[White "Leko, Peter"]
[Black "Socko, Bartosz"]
[Result "0-1"]
[WhiteTitle "GM"]
[BlackTitle "GM"]
[WhiteElo "2707"]
[BlackElo "2599"]
[WhiteFideId "703303"]
[BlackFideId "1107038"]
[EventDate "2015.10.13"]

1. e4 e6 2. d4 d5 3. Nc3 Bb4 4. e5 Ne7 5. a3 Bxc3+ 6. bxc3 c5 7. h4 Qc7 8. h5 h6
9. Bd3 Bd7 10. Rb1 Nbc6 11. Qg4 O-O-O 12. Nf3 Rdg8 13. O-O f5 14. Qh3 c4 15. Be2
g5 16. hxg6 Nxg6 17. Nh4 Nce7 18. Nxg6 Nxg6 19. Bh5 Ba4 20. Rb2 Qg7 21. Kh2 Ne7
22. Bf4 Be8 23. Bf3 Ng6 24. Bd2 h5 25. Re1 Qe7 26. Rb4 Nh4 27. Rg1 Nxf3+ 28.
gxf3 Rxg1 29. Kxg1 h4 30. Kh2 Rg8 31. Rb1 Qg7 32. Qf1 Bh5 33. Qh1 Kc7 34. Rg1
Qxg1+ 35. Qxg1 Rxg1 36. Kxg1 Bxf3 37. Bg5 h3 38. Kh2 Bg4 39. Kg3 Kc6 40. Kh2 Kb5
41. Be7 Ka4 42. Kg3 a6 43. f4 b6 44. Kh2 Bd1 45. Kxh3 Bxc2 46. Kh4 Kb3 47. Kg5
Kxc3 48. Kf6 Kxd4 49. Bd8 Kc5 50. Kxe6 c3 51. Kf6 a5 52. e6 Ba4 53. Be7+ Kc4 0-1

[Event "World Blitz 2015"]
[Site "Berlin GER"]
[Date "2015.10.14"]
[Round "17.15"]
[White "Alekseev, Evgeny"]
[Black "Wojtaszek, Radoslaw"]
[Result "1/2-1/2"]
[WhiteTitle "GM"]
[BlackTitle "GM"]
[WhiteElo "2642"]
[BlackElo "2734"]
[WhiteFideId "4138147"]
[BlackFideId "1118358"]
[EventDate "2015.10.13"]

1. e4 c5 2. Nf3 d6 3. d4 cxd4 4. Qxd4 Nc6 5. Bb5 Bd7 6. Qd3 g6 7. c4 Bg7 8. O-O
Nf6 9. Nc3 O-O 10. h3 a6 11. Bxc6 Bxc6 12. Nd4 Nd7 13. Be3 Rc8 14. Rac1 Nc5 15.
Qc2 Ne6 16. Qd2 Nxd4 17. Bxd4 Bxd4 18. Qxd4 Qa5 19. Rfe1 Rc7 20. e5 dxe5 21.
Rxe5 Qb4 22. Nd5 Bxd5 23. Rxd5 b5 24. c5 Qxd4 25. Rxd4 a5 26. b4 axb4 27. Rxb4
Ra8 28. Rxb5 1/2-1/2

[Event "World Blitz 2015"]
[Site "Berlin GER"]
[Date "2015.10.14"]
[Round "17.17"]
[White "Petrosian, Tigran L."]
[Black "Fedoseev, Vladimir3"]
[Result "1/2-1/2"]
[WhiteTitle "GM"]
[BlackTitle "GM"]
[WhiteElo "2625"]
[BlackElo "2659"]
[WhiteFideId "13301616"]
[BlackFideId "24130737"]
[EventDate "2015.10.13"]

1. Nf3 b6 2. g3 Bb7 3. Bg2 Nf6 4. d3 d5 5. O-O Nbd7 6. a4 a6 7. Nbd2 e6 8. b3
Bd6 9. Bb2 O-O 10. e4 dxe4 11. Ng5 Be5 12. d4 Bd6 13. Ngxe4 Nxe4 14. Nxe4 Rb8
15. Qe2 Be7 16. Rfd1 Qc8 17. c4 Re8 18. Rd3 b5 19. cxb5 axb5 20. a5 b4 21. Rdd1
Ra8 22. Rdc1 Bd5 23. Nd2 Nf6 24. Bxd5 Nxd5 25. Qc4 Ra6 26. Qd3 Qa8 27. Nc4 Rd8
28. Qf3 Bf6 29. Ra4 Qa7 30. Qd3 h6 31. h4 c5 32. Rd1 Ne7 33. Qe2 cxd4 34. Raa1
Nc6 35. Qe4 Nxa5 36. Ne5 Bxe5 37. Qxe5 Nxb3 38. Rxa6 Qxa6 39. Qc7 Qd6 40. Qc4
Qd5 41. Qxb4 e5 42. Qe7 f6 43. Ba3 Na5 44. Rb1 Nc6 45. Qc7 Qd7 46. Qb6 Rb8 47.
Qxb8+ Nxb8 48. Rxb8+ Kh7 49. Rb1 d3 50. Rd1 Qa4 51. Rxd3 Kg6 52. Re3 Kf5 53. Bf8
Qe8 54. Bb4 Qc8 55. Bc3 Kg4 56. Kg2 Qc6+ 57. f3+ Kf5 58. g4+ Ke6 59. Be1 Qa4 60.
h5 Qc2+ 61. Bf2 Kf7 62. Ra3 Kg8 63. Ra8+ Kh7 64. Ra3 e4 65. Re3 exf3+ 66. Rxf3
Kg8 67. Kg3 Kf7 68. Be3 Qd1 69. Bf2 Qd6+ 70. Kg2 Qe5 71. Be3 Ke6 72. Bf2 Kd5 73.
Rf5 Qxf5 74. gxf5 Ke4 75. Kg3 Kxf5 76. Kh4 g6 77. hxg6 Kxg6 1/2-1/2

[Event "World Blitz 2015"]
[Site "Berlin GER"]
[Date "2015.10.14"]
[Round "17.21"]
[White "Fressinet, Laurent"]
[Black "Onischuk, Vladimir"]
[Result "0-1"]
[WhiteTitle "GM"]
[BlackTitle "GM"]
[WhiteElo "2702"]
[BlackElo "2612"]
[WhiteFideId "608742"]
[BlackFideId "14114038"]
[EventDate "2015.10.13"]

1. Nf3 g6 2. e4 d6 3. d4 Nf6 4. Nc3 Bg7 5. Be3 a6 6. Qd2 b5 7. Bh6 Bxh6 8. Qxh6
b4 9. Nd5 Nxd5 10. exd5 Nd7 11. Qg7 Rf8 12. Ng5 Nf6 13. Nxh7 Nxh7 14. Qxh7 Qd7
15. O-O-O Qf5 16. Bd3 Qxd5 17. Kb1 Bf5 18. Bxf5 Qxf5 19. Qh4 Qd5 20. g3 Kd7 21.
Rhe1 e6 22. Qf4 f6 23. h4 a5 24. Qg4 Qf5 25. Qe2 Qd5 26. Qd3 f5 27. Qd2 a4 28.
Qxb4 Rfb8 29. Qc3 Rb6 30. Rd3 Rab8 31. b3 Ra8 32. Rd2 axb3 33. cxb3 Rab8 34. Rb2
Rb4 35. Rd1 c5 36. Qc2 Rxd4 37. Rxd4 Qxd4 38. Qe2 Qe4+ 39. Kc1 Qxe2 40. Rxe2 e5
41. Kc2 e4 42. Kc3 d5 43. a4 d4+ 44. Kc4 Kd6 0-1

[Event "World Blitz 2015"]
[Site "Berlin GER"]
[Date "2015.10.14"]
[Round "17.22"]
[White "Dreev, Aleksey"]
[Black "Vitiugov, Nikita"]
[Result "1/2-1/2"]
[WhiteTitle "GM"]
[BlackTitle "GM"]
[WhiteElo "2644"]
[BlackElo "2725"]
[WhiteFideId "4100107"]
[BlackFideId "4152956"]
[EventDate "2015.10.13"]

1. d4 d5 2. c4 c6 3. Nf3 Nf6 4. e3 Bf5 5. Nc3 e6 6. Nh4 Be4 7. f3 Bg6 8. Qb3 Qc7
9. Bd2 Be7 10. g3 O-O 11. Nxg6 hxg6 12. Rc1 dxc4 13. Bxc4 Nbd7 14. O-O a6 15.
Ne4 Nxe4 16. fxe4 Nf6 17. e5 Ne4 18. Be1 Ng5 19. h4 Nh7 20. Rc2 Qd7 21. Be2 Kh8
22. Bg4 f5 23. exf6 gxf6 24. Qxe6 Qxe6 25. Bxe6 f5 26. d5 cxd5 27. Bxd5 Rab8 28.
Rc7 Bf6 29. b3 b5 30. Rc6 Rfd8 31. e4 Bd4+ 32. Bf2 Bxf2+ 33. Rxf2 Kg7 34. Rxa6
Nf6 35. Ra7+ Kh6 36. Ra6 Nxd5 37. exd5 Rxd5 38. Re2 Kh5 39. Kg2 Rc8 40. Rb6 Rc3
41. Kh2 Rdd3 42. Rg2 f4 43. gxf4 Rh3+ 44. Kg1 Rc1+ 45. Kf2 Rc2+ 46. Kg1 Rc1+ 47.
Kf2 Rc2+ 48. Kg1 Rc1+ 1/2-1/2

[Event "World Blitz 2015"]
[Site "Berlin GER"]
[Date "2015.10.14"]
[Round "17.24"]
[White "Gajewski, Grzegorz"]
[Black "Savchenko, Boris"]
[Result "1-0"]
[WhiteTitle "GM"]
[BlackTitle "GM"]
[WhiteElo "2654"]
[BlackElo "2567"]
[WhiteFideId "1116207"]
[BlackFideId "4147332"]
[EventDate "2015.10.13"]

1. c4 e5 2. g3 Nf6 3. Bg2 d5 4. cxd5 Nxd5 5. Nc3 Nb6 6. d3 Be7 7. Be3 O-O 8. Rc1
a5 9. Qd2 f5 10. Nf3 Nc6 11. O-O Kh8 12. Bg5 Bxg5 13. Nxg5 Nd4 14. Nf3 Nxf3+ 15.
Bxf3 c6 16. Qe3 Nd7 17. Rfd1 Qe7 18. d4 e4 19. d5 Ne5 20. Bg2 Qf6 21. dxc6 bxc6
22. Na4 Ba6 23. Nc5 Ng4 24. Qd2 Rfd8 25. Qc2 Bc8 26. Rxd8+ Qxd8 27. Rd1 Qb6 28.
Qd2 Ba6 29. Qg5 Rf8 30. h3 h6 31. Qe7 Rb8 32. hxg4 Bxe2 33. Rd7 Rg8 34. gxf5
Qxb2 35. Ne6 e3 36. fxe3 Qb1+ 37. Kh2 Qxf5 38. Nf4 Bg4 39. Rc7 Qc2 40. Qe4 Bf5
41. Qxc2 Bxc2 42. Rxc6 Bd1 43. Ng6+ Kh7 44. Be4 Re8 45. Re6 Rb8 46. Rd6 Rb2+ 47.
Kh3 Ba4 48. Rd8 Bd7+ 1-0

[Event "World Blitz 2015"]
[Site "Berlin GER"]
[Date "2015.10.14"]
[Round "17.25"]
[White "Matlakov, Maxim"]
[Black "Bartel, Mateusz"]
[Result "1/2-1/2"]
[WhiteTitle "GM"]
[BlackTitle "GM"]
[WhiteElo "2689"]
[BlackElo "2622"]
[WhiteFideId "4168003"]
[BlackFideId "1112635"]
[EventDate "2015.10.13"]

1. d4 e6 2. Nf3 Nf6 3. Bf4 b6 4. e3 Bb7 5. h3 g6 6. Be2 Bg7 7. c4 O-O 8. Nc3 d6
9. O-O Nbd7 10. Bh2 Qe7 11. Rc1 e5 12. dxe5 dxe5 13. Nd5 Nxd5 14. cxd5 Nc5 15.
b4 Ne4 16. Qc2 f5 17. Qxc7 Qxc7 18. Rxc7 Bxd5 19. Bxe5 Bxe5 20. Nxe5 Rfc8 21.
Rd7 Bxa2 22. Ra1 Be6 23. Re7 Re8 24. Rxe6 Rxe6 25. Bc4 Re8 26. Rxa7 Nd6 27. Bd5
Kh8 28. Bxe6 Rxe6 29. f4 Ne4 30. Rd7 Kg8 31. g4 fxg4 32. hxg4 g5 33. Kg2 gxf4
34. exf4 h5 35. Kf3 Nf6 36. Rd8+ Re8 37. Rxe8+ Nxe8 38. gxh5 Nf6 39. b5 Kg7 40.
h6+ Kh7 41. Ng4 Nd5 42. f5 Nc7 43. f6 Kg6 44. Kf4 Nxb5 45. Ke5 Nc7 46. Kd6 Ne8+
47. Ke7 Nxf6 48. Nxf6 Kxh6 49. Kd6 1/2-1/2

[Event "World Blitz 2015"]
[Site "Berlin GER"]
[Date "2015.10.14"]
[Round "17.26"]
[White "Kovalenko, Igor"]
[Black "Bachmann, Axel"]
[Result "1-0"]
[WhiteTitle "GM"]
[BlackTitle "GM"]
[WhiteElo "2700"]
[BlackElo "2593"]
[WhiteFideId "14117908"]
[BlackFideId "3700488"]
[EventDate "2015.10.13"]

1. d4 g6 2. g3 Bg7 3. Bg2 d6 4. Nf3 Nf6 5. O-O O-O 6. a4 Nc6 7. a5 a6 8. d5 Nb4
9. e4 Nxe4 10. c3 Nxd5 11. Qxd5 Nc5 12. Qd1 e5 13. Bg5 Qe8 14. Nbd2 e4 15. Nd4
f5 16. Nc4 Qf7 17. Qe2 Bd7 18. Bd2 Nd3 19. b3 Rae8 20. Rad1 d5 21. Ne3 c5 22.
Ndc2 f4 23. Nxd5 f3 24. Bxf3 exf3 25. Qxd3 Bf5 26. Qc4 Bxc2 27. Rde1 Rd8 28.
Ne7+ Kh8 29. Qxf7 Rxf7 30. Bg5 Ra8 31. Re3 h6 32. Bf4 g5 33. Bd6 Bxb3 34. Bxc5
Rd8 35. g4 Bc2 36. Rfe1 Kh7 37. h3 Rd3 38. Rxd3 Bxd3 39. Bd4 Bxd4 40. cxd4 Be2
41. Nf5 Rc7 42. Kh2 Kg6 43. Ne3 Rd7 44. d5 Kf6 45. Rb1 Ke5 46. Rb6 Rh7 47. Kg3
Bd3 48. h4 gxh4+ 49. Kxh4 Be4 50. Re6+ Kd4 51. Kg3 Rd7 52. d6 Bc6 53. Rxh6 Kc5
54. g5 Kb4 55. g6 Kxa5 56. Nf5 Bd5 57. Rh7 Rd8 58. Re7 b5 59. d7 Bc6 60. g7 Bxd7
61. Rxd7 Rg8 62. Nh6 1-0

[Event "World Blitz 2015"]
[Site "Berlin GER"]
[Date "2015.10.14"]
[Round "17.27"]
[White "Eljanov, Pavel"]
[Black "Grandelius, Nils"]
[Result "1-0"]
[WhiteTitle "GM"]
[BlackTitle "GM"]
[WhiteElo "2717"]
[BlackElo "2647"]
[WhiteFideId "14102951"]
[BlackFideId "1710400"]
[EventDate "2015.10.13"]

1. d4 Nf6 2. Nf3 d5 3. c4 e6 4. g3 g6 5. Bg2 Bg7 6. O-O O-O 7. Nc3 Nbd7 8. b3 b6
9. cxd5 exd5 10. Bb2 Bb7 11. e3 Re8 12. Rc1 Ne4 13. Qc2 Nxc3 14. Bxc3 a5 15.
Rfd1 Nf6 16. Bb2 c6 17. Ne5 Rc8 18. Qe2 Rc7 19. a4 Nd7 20. Nd3 Nf6 21. Rc2 Ne4
22. Rdc1 Qe7 23. Qd1 h5 24. h4 Rcc8 25. Ne5 Bxe5 26. dxe5 Qb4 27. Ba1 Ba8 28.
Qf3 Nd2 29. Qf6 Re6 30. Qg5 Rce8 31. Bc3 Ne4 32. Bxb4 Nxg5 33. hxg5 axb4 34. f4
Kf8 35. a5 Rb8 36. axb6 Rxb6 37. Ra1 Bb7 38. Kf2 Re8 39. Ke2 Ke7 40. Kd2 Rc8 41.
Rc5 Rb8 42. Bf1 Ra8 43. Rxa8 Bxa8 44. e4 dxe4 45. Ke3 Rb8 46. Kxe4 Rd8 47. Bc4
Bb7 48. Ke3 Ra8 49. e6 fxe6 50. Re5 Bc8 51. Kd4 Kd6 52. Bd3 Ra3 53. Bc2 Bd7 54.
Kc4 Ra2 55. Bxg6 Rg2 56. Re3 c5 57. Bxh5 Bc6 58. g6 Bd5+ 59. Kb5 Rh2 60. g7 e5
61. Rxe5 Bxb3 62. Rxc5 Bg8 63. Kxb4 Rb2+ 64. Kc3 Rg2 65. Rg5 Ke7 66. Kd4 Kf6 67.
Bf3 Ra2 68. Bd5 Ra4+ 69. Kc5 Ra5+ 70. Kc6 Ra6+ 71. Kb7 Ra5 72. Bxg8 Rxg5 73.
fxg5+ 1-0

[Event "World Blitz 2015"]
[Site "Berlin GER"]
[Date "2015.10.14"]
[Round "17.29"]
[White "Nguyen, Ngoc Truong Son"]
[Black "Fridman, Daniel"]
[Result "1/2-1/2"]
[WhiteTitle "GM"]
[BlackTitle "GM"]
[WhiteElo "2634"]
[BlackElo "2649"]
[WhiteFideId "12401110"]
[BlackFideId "11600454"]
[EventDate "2015.10.13"]

1. e4 e6 2. d4 d5 3. Nd2 c5 4. exd5 Qxd5 5. Ngf3 cxd4 6. Bc4 Qd7 7. O-O Nc6 8.
Nb3 Nf6 9. Nbxd4 Nxd4 10. Nxd4 a6 11. Bg5 b5 12. Be2 Bb7 13. Bf3 Rd8 14. Bxf6
gxf6 15. Bxb7 Qxb7 16. Qf3 Qxf3 17. Nxf3 f5 18. Rfd1 Rxd1+ 19. Rxd1 Bg7 20. c3
Ke7 21. Kf1 a5 22. Nd4 Bxd4 23. Rxd4 Rc8 24. Ke2 Kf6 25. Kd3 Rc5 26. a4 bxa4 27.
Rxa4 Rb5 28. b4 axb4 29. cxb4 Rb8 30. Kc4 Rc8+ 31. Kb3 Rb8 32. Ra7 e5 33. Rc7 f4
34. Kc4 Ke6 35. b5 e4 36. Rc6+ Ke5 37. Rc5+ Ke6 38. Kd4 f5 39. Rc6+ Kd7 40. Rc5
Ke6 41. Re5+ Kf6 42. Rd5 h5 43. g3 Kg5 44. Kc5 Kg4 45. Kc6 f3 46. Re5 Kh3 47.
Rxf5 Kxh2 48. Rxh5+ Kg2 49. Re5 Kxf2 50. Rxe4 Kxg3 51. Re1 f2 52. Rf1 Rc8+ 53.
Kb7 Rc2 54. b6 Kg2 55. Rxf2+ Kxf2 56. Ka8 Rb2 57. b7 Rxb7 58. Kxb7 1/2-1/2

[Event "World Blitz 2015"]
[Site "Berlin GER"]
[Date "2015.10.14"]
[Round "17.31"]
[White "Riazantsev, Alexander"]
[Black "Borisek, Jure"]
[Result "1/2-1/2"]
[WhiteTitle "GM"]
[BlackTitle "GM"]
[WhiteElo "2646"]
[BlackElo "2565"]
[WhiteFideId "4125029"]
[BlackFideId "14603152"]
[EventDate "2015.10.13"]

1. d4 Nf6 2. c4 g6 3. Nc3 d5 4. cxd5 Nxd5 5. e4 Nxc3 6. bxc3 Bg7 7. Qa4+ Qd7 8.
Bb5 c6 9. Be2 O-O 10. Qa3 b6 11. Nf3 c5 12. O-O cxd4 13. cxd4 Nc6 14. Rd1 Bb7
15. Qe3 Rac8 16. Ba3 Na5 17. Rab1 Nc4 18. Bxc4 Rxc4 19. h3 Rfc8 20. Rd3 Qa4 21.
Re1 e6 22. d5 Rc3 23. Be7 exd5 24. exd5 Bxd5 25. Rxc3 Rxc3 26. Qd2 Qc6 27. Ne5
Qc7 28. Nxg6 hxg6 29. Qxd5 Rc1 30. Rxc1 Qxc1+ 31. Kh2 Qc7+ 32. Bd6 Qd7 33. Qa8+
Kh7 34. Qb8 b5 35. f4 a5 36. Qb6 a4 37. a3 Qe6 38. Qc5 Qc4 39. Qb6 Qd5 40. Qc7
Qc4 41. Qb6 Qd5 42. Qc7 Qc4 43. Qb6 1/2-1/2

[Event "World Blitz 2015"]
[Site "Berlin GER"]
[Date "2015.10.14"]
[Round "17.32"]
[White "Swiercz, Dariusz"]
[Black "Movsesian, Sergei"]
[Result "1-0"]
[WhiteTitle "GM"]
[BlackTitle "GM"]
[WhiteElo "2620"]
[BlackElo "2658"]
[WhiteFideId "1126881"]
[BlackFideId "310204"]
[EventDate "2015.10.13"]

1. c4 e5 2. g3 Nc6 3. Bg2 Bc5 4. Nc3 Nf6 5. Nf3 d6 6. d3 a6 7. O-O h6 8. a3 Ba7
9. b4 O-O 10. e3 Bg4 11. Qc2 Qd7 12. Bb2 Ne7 13. Rfe1 c6 14. Ne4 Ne8 15. c5 Bxf3
16. Bxf3 d5 17. Nd2 Ng6 18. e4 d4 19. Nc4 Rd8 20. Qe2 Qe7 21. Bg4 Bb8 22. Rf1
Bc7 23. Rae1 Nf6 24. Bf5 Nh7 25. Bc1 Ng5 26. Qg4 Qf6 27. f4 exf4 28. gxf4 Ne6
29. e5 Qe7 30. Nd6 Nh4 31. Be4 f5 32. Nxf5 Nxf5 33. Bxf5 Rde8 34. Bg6 Rd8 35. f5
Ng5 36. h4 Nh7 37. f6 Qd7 38. Bf5 h5 39. Qg6 1-0